000
00289nam a2200133Ia 4500
008
191201s2011 xx 000 0 und d
082
_a
657
_b
KHC
100
_a
KHAN, M Y
245
0
_a
Cost Accounting
260
_a
N.Delhi
_b
TMH
_c
2011
300
_a
MISC
650
_a
MBA
942
_2
ddc
_c
BK
999
_c
3160
_d
3160